| 000 | 00533nam a22001577a 4500 | ||
|---|---|---|---|
| 008 | 140211b xxu||||| |||| 00| 0 eng d | ||
| 050 | _aBV4466. B191 | ||
| 100 |
_aBalleis, Peter _98584 |
||
| 245 |
_aIn the Footsteps of Pedro Arrupe _bIgnatian Spirituality in the service of Refugees / _cPeter Balleis |
||
| 260 |
_aRome _bJesuit Refugee Service _c2007 |
||
| 300 |
_a43p. _c21cm. |
||
| 600 |
_a Arrupe, Pedro _98585 |
||
| 650 |
_aJesuit Refugee Service _98586 |
||
| 700 |
_aVella, Danielle (ed.) _98587 |
||
| 942 |
_2lcc _cMONOGRAPH |
||
| 999 |
_c120026 _d120026 |
||